000
00312nam a2200133Ia 4500
100
_a
Moseley/L.E./ Boodey/D.M.
942
_c
BK
654
_a
Computer
245
_a
Mastering MS-Office Professional for Windows 95
260
_b
B.P.B.
_a
New Delhi
_c
1996
300
_a
1082
546
_a
ENGLISH
999
_c
21028
_d
21028